| 000 | 00387 a2200157 4500 | ||
|---|---|---|---|
| 001 | 75051 | ||
| 020 | _a8574750301 | ||
| 040 | _cAnchieta - Colégio São Paulo | ||
| 100 | _aCastro, Yeda Pessoa de | ||
| 240 | 1 | 0 |
_aFalares africanos na Bahia _lpor |
| 245 | 1 | 0 | _aFalares africanos na Bahia |
| 300 | _a366 | ||
| 362 | 0 | _a2001 | |
| 650 | 4 | _aVariações da língua portuguesa | |
| 942 | _cBK | ||
| 999 |
_c75051 _d75051 |
||